书目信息 |
| 题名: |
数字信号处理及其MATLAB实现
|
|
| 作者: | Proakis | |
| 分册: | ||
| 出版信息: | 北京 电子工业出版社 1998.09 |
|
| 页数: | 377页 | |
| 开本: | 16开 | |
| 丛书名: | ||
| 单 册: | ||
| 中图分类: | TP391 | |
| 科图分类: | ||
| 主题词: | 计算机应用 | |
| 电子资源: | ||
| ISBN: | 7-5053-4816-7 | |
| 000 | 00575nam0 2200193 45 | |
| 001 | 0004181072 | |
| 005 | 20000418100832.9 | |
| 010 | @a7-5053-4816-7@d48.00元 | |
| 100 | @a20000418d1998 km y0chiy0120 ea | |
| 101 | @achi | |
| 105 | @a z 000yy | |
| 200 | 1 | @a数字信号处理及其MATLAB实现@AShu Zi Xin Hao Chu Li Ji Qi MATLAB Shi Xian@f(美)Proakis,J.G.@F(Mei)Proakis,J.G. |
| 210 | @a北京@c电子工业出版社@d1998.09 | |
| 215 | @a377页@d16开 | |
| 606 | 0 | @a计算机应用 |
| 690 | @aTP391@v3 | |
| 701 | @aProakis | |
| 801 | @aCN@bPftUser@c20000418 | |
| 905 | @f1@b52912@dTP391@eY215 | |
| 数字信号处理及其MATLAB实现/(美)Proakis,J.G.-北京:电子工业出版社,1998.09 |
| 377页;16开 |
| ISBN 7-5053-4816-7:48.00元 |
| ● |
| 相关链接 |
|
|
|
正题名:数字信号处理及其MATLAB实现
索取号:TP391/Y215
 
预约/预借
| 序号 | 登录号 | 条形码 | 馆藏地/架位号 | 状态 | 备注 |
| 1 | 52912 | 200529124 | 期刊室512/301自科库 60排3列5层/ [索取号:TP391/Y215] | 在馆 |